MDQL
is popping MORE tags! Check the
thread
!
Quizzes
Events
Quiz Creation
Community
Videos
Private Events
Remove Ads
Sign In
Join for FREE
Feedback
Dark Mode
Quiz Categories
Sports
Geography
Music
Movies
Television
Just For Fun
Miscellaneous
History
Literature
Language
Science
Gaming
Entertainment
Religion
Holiday
For Kids
Quiz Lab
Recent
Popular Today
Quiz Kudos Today
Editor Picks
Curator Picks
Quizzes by...
Day
Popularity
Type
Ratings
Length
Year
Community
Subscriptions
Recent Discussions
Orange Saloon
Badges
Playlists
Quests
Create
Leaderboards
Showdown
Live 5
Trivia Bingo
Activity
Puzzle Library
Sporcle Events
Private Events
Virtual Trivia
Globe League
Become a Host
Pub Owners
SporcleCon
Opinionation
Our Games
Videos
Blog
Mobile Apps
Partnerships
Remove Ads and Go Orange
Feedback
History
US Presidents
World Leaders
Politics
Nation
Discovery
War
Decade
Year
Century
Biography
Art
History
US Presidents
World Leaders
Politics
Nation
Discovery
War
Decade
Year
Century
Biography
Art
Random Quiz
Search Sporcle
×
Quiz Lab
Quiz Lab
History
US Presidents
Type in answers that appear in a list
Type in answers that appear in a list
Classic
Best Score? Go Orange.
The Presidents Quiz Stats
Can you name the The Presidents by their facts?
By
bcn172000
20m
60 Questions
173 Plays
173 Plays
173 Plays
Comments
Comments
Give Quiz Kudos
Give Quiz Kudos
-
- Ratings
hide this ad
Forced Order
Answers have to be entered in order
Answers have to be entered in order
Replay
Link that replays current quiz
Next Quiz
Link to next quiz in quiz playlist
You Got
0%
They Got
Avg Score
42%
Avg Friend Score
Upgrade to see
Score Distribution
Jump to the score distribution portion of the page
Score
0/60
Timer
20:00
0
Plays Today
Question
President
% Correct
First President That Had a Father Who Was a President
John Quincy Adams
94.2%
Second President That Had a Father Who Was President
George W Bush
93.1%
First President That Had a Son Who Was President
John Adams
92.5%
Second President That Had a Son Who Was President
George H W Bush
91.9%
Only Catholic President
John F Kennedy
87.9%
Only President Never to Get Married
James Buchanan
77.5%
Only President That Had a Grandfather Who Was a President
Benjamin Harrison
73.4%
Only President to Resign
Richard Nixon
68.2%
Only Black President
Barack Obama
63%
Freed the Slaves
Abraham Lincoln
61.8%
Longest Running President
Franklin Roosevelt
59.5%
Oldest President Still Alive
Jimmy Carter
59.5%
First President to be Assasinated
Abraham Lincoln
59.5%
Fourth President to be Assasinated
John F Kennedy
59.5%
President That Was a Actor
Ronald Reagan
57.8%
The President on the Left of Mount Rushmore
George Washington
56.6%
I like Ike
Dwight D Eisenhower
56.1%
Only President to Serve to nonconsecutive terms
Grover Cleveland
54.9%
Dropped the Hiroshima Bomb
Harry S Truman
54.3%
The President on the Middle Left of Mount Rushmore
Thomas Jefferson
54.3%
Only President Not to Live In the White House
George Washington
53.8%
The President on the Middle Right of Mount Rushmore
Theodore Roosevelt
53.2%
First President to Live in the White House
John Adams
53.2%
Youngest President to Take Office
John F Kennedy
52%
The President on the Right of Mount Rushmore
Abraham Lincoln
50.3%
Won the Election Thanks to Florida and the Supreme Court
George W Bush
50.3%
Last President That Died
Gerald Ford
50.3%
Fattest President
William H Taft
49.1%
Oldest President to Take Office
Ronald Reagan
48.6%
Second President to be Assasinated
James A Garfield
48.6%
Question
President
% Correct
Third President to be Assasinated
William McKinley
48%
Shortest Presseidential Term
William H Harrison
47.4%
Tallest President
Abraham Lincoln
47.4%
One of the Two Presidents That Died On 7/
4/
1831
Thomas Jefferson
40.5%
One of the Two Presidents That Died on 7/
4/
1831
John Adams
39.9%
Last President to have Served in the Military
George W Bush
37.6%
President Who Only Had One Real Tooth While in Office
George Washington
37%
Fourth President to Die in Office Who Wasn't Assaniated
Franklin D Roosevelt
35.8%
Declared Civil Rights
John F Kennedy
29.5%
Smallest President
James Madison
28.3%
Third President to Die in Office Who Wasn't Assaniated
Warren G Harding
27.7%
First President to Get impeached
Andrew Jackson
26%
Last President to Add a State to the Union
Dwight D Eisenhower
24.3%
Only President Born on the Fourth Of July
Calvin Coolidge
19.1%
First President Born in a Hospital
Jimmy Carter
17.3%
Only President That Married a Foreigner
John Q Adams
15.6%
President With the Most Kids
John Tyler
15.6%
First American BORN president (All others were English)
Martin Van Buren
15%
Third President to Die on the Fourth Of July
James Monroe
14.5%
If you have any facts about the presidents you would like to see in the sequel just comment. type PQ2
PQ2
13.9%
Could Write With Both His Hands At the Same Time in Different Languages
James A Garfield
12.1%
11%
Second President to Get Impeached
11%
First President to Use a Phone
Rutherford B Hayes
11%
Last President to be Born in Virginia
Woodrow Wilson
9.8%
First President to Have a Christmas Tree In the White House
Franklin Pierce
8.7%
First President to Ride in a Train
Andrew Jackson
8.7%
First THIS IS ALL SPECULATION. THE VIEWS HERE ARE OPINIONS, NOT FACT. THEY ARE THE IMAGINARY DWELLINGS OF A USER AND SHOULD NOT BE CONSIDERED TRUTHFUL IN ANY WAY.
William H Harrison
4.6%
.
4.6%
First President to Have a Stove and Running Water
Millard Fillmore
4%
Quiz Playlist
Details
Report
Send in Message
Add To Playlist
Classic:
Type in answers that appear in a list
Forced Order:
Answers have to be entered in order
Last Updated: Feb 16, 2017
Quiz Scoreboard
CHALLENGE
Sign Up to Join the Scoreboard
Show All
Scores
Hide
Comments
May contain spoilers
Recently Published
5x2 Blitz: Bands
by SL_Kpop136
Music
30s
Colored Red Africa Blitz
by spor1
Geography
30s
Find the 'City' Movie
by crazypaving
Movies
60s
More to Explore
Quiz From the Vault
Featured Blog Post
14 Easter Pick-up Lines to Find Eggs With
hide this ad
You Might Also Like...
Tags
US Presidents Quiz
US History
Today's Top Quizzes in History
Browse History
hide this ad
Today's Top Quizzes in US Presidents
Browse US Presidents
Top Contributed Quizzes in History
1
Popular People in 1991
2
US National Parks Named After People
3
Popular People in 1951
4
Order Up: 1000 Years of World Events I
5
Popular People in 1941
6
Popular People in 1981
7
Popular People in 1986
8
Popular People in 1921
9
Popular People in 1976
10
Magic 10 Blitz: U.S. Presidents
Explore More
Trending Topics
Crossword
Harry Potter
Marvel
Kpop
NBA
Disney
Anime
NFL
Song
The Office
Puzzle
Soccer
WWE
Country
Pokémon
hide this ad
More By:
bcn172000
Quiz
Plays
Rating
Category
Featured
Created
Avengers movie villans
779
1.50
Movies
May 9, 2012
Mario Game Consoles
414
2.88
Gaming
Apr 30, 2012
National Anthems
202
1.00
Geography
Apr 24, 2012
Comic Man
197
4.00
Entertainment
Jul 18, 2012
The Presidents Quiz
173
1.38
History
Feb 18, 2012
Go to Creator's Profile
Score Distribution
Quiz Creator Spotlight
bcn172000
Follow
Send a Message
Quizzes Created
-
Created Quiz Play Count
-
More By This Creator
Popular Quizzes Today
1
Colored Red Africa Blitz
2
Find the 'City' Movie
3
Find the US States - No Outlines Minefield
4
5x2 Blitz: Bands
5
The Countries of the World
6
Find the US States
7
US States
8
9x9 Crossword: Cartoon Network
More History Quizzes
On This Day: July 27th
Published
Trending Quizzes
Colored Red Europe Blitz I
Colored Red Europe Blitz II
Colored Red Africa Blitz II
Colored Red Europe Blitz III
Colored Red Africa Blitz III
Recently Updated
How Do You Spell That?
pecheneg
Godzilla Movies
pecheneg
Grab Bag: 4-10 Letters
pecheneg
2024 March Madness Bracket
pecheneg
Famous TV Couples
Peacemaker
Champions League XIs: Real Madrid
pecheneg
Largest US Cities 1790-2010
pecheneg
Rides in Walt Disney World
pecheneg
Most Oscar Losses (Acting)
pecheneg
Beyoncé Albums
pecheneg
Trending Topics
Harry Potter
Kpop
Crossword
Marvel
Disney
Anime
NBA
WWE
Soccer
NFL
Song
Country
Puzzle
The Office
Pokémon
Your Account Isn't Verified!
In order to create a playlist on Sporcle, you need to verify the email address you used during registration. Go to your
Sporcle Settings
to finish the process.
Report this User
Report this user for behavior that violates our
Community Guidelines
.
Details:
Send Report
Go to the Sporcle.com Mobile Site →
Comments